Logická analýza přirozeného jazyka
Salvato in:
| Autore principale: | |
|---|---|
| Altri autori: | , |
| Natura: | Libro |
| Lingua: | ceco |
| Pubblicazione: |
Praha
Academia
1989
|
| Edizione: | 1. vyd. |
| Serie: | Cesta k vědění
44 |
| Tags: |
Nessun Tag, puoi essere il primo ad aggiungerne!!
|
MARC
| LEADER | 00000nam a2200000 4500 | ||
|---|---|---|---|
| 001 | c027968 | ||
| 005 | 20221215120140.0 | ||
| 041 | 0 | |a cze | |
| 044 | |a CZ | ||
| 245 | 1 | 0 | |a Logická analýza přirozeného jazyka |c Pavel Materna, Karel Pala, Jiří Zlatuška |
| 250 | |a 1. vyd. | ||
| 264 | 1 | |a Praha |b Academia |c 1989 | |
| 300 | |a 143 s. | ||
| 490 | 1 | |a Cesta k vědění |v 44 | |
| 830 | 0 | |a Cesta k vědění |v 44 | |
| 100 | 1 | |a Materna, Pavel | |
| 700 | 1 | |a Pala, Karel | |
| 700 | 1 | |a Zlatuška, Jiří | |